000 00746 a2200205 4500
010 _aENG-88976
020 _c580.00
_a8182201357
035 _aEN-72509
037 _bDBAD / PUB
082 1 4 _a305.5
090 _c9796
_d9796
245 1 0 _aIndian caste system :
_cedited by Bhupen Chaudhary
_bessence and reality /
260 _aNew Delhi
_bGlobal Vision Publishing House
_c2006
270 _aF-4, 1st Floor, `Hari Sadan' 20, Ansari Road, Daryaganj,
_bNew Delhi
_e110 002
300 _av, 246p.
_c22 cm ( Hb)
500 _aIncludes bibliographical references and index
700 _aChaudhary, Bhupen
942 _adpl
_cEN
_k305.5/ IND
999 _c9617
_d9617